Ein Turm als Architekturmotiv der Wandmalerei in Reichenau-Oberzell St. Georg
| Main Author: | |
|---|---|
| Format: | Electronic Article |
| Language: | German |
| Check availability: | HBZ Gateway |
| Interlibrary Loan: | Interlibrary Loan for the Fachinformationsdienste (Specialized Information Services in Germany) |
| Published: |
2020
|
| In: |
Zeitschrift für die Geschichte des Oberrheins
Year: 2020, Volume: 168, Pages: 1-6 |
| Standardized Subjects / Keyword chains: | B
Monastery church (Oberzell, Reichenau)
/ Mural painting
|
| Online Access: |
Volltext (kostenfrei) Volltext (kostenfrei) |
| Rights Information: | CC BY-NC-ND 4.0 |
MARC
| LEADER | 00000caa a22000002c 4500 | ||
|---|---|---|---|
| 001 | 1822507154 | ||
| 003 | DE-627 | ||
| 005 | 20260305153439.0 | ||
| 007 | cr uuu---uuuuu | ||
| 008 | 221115s2020 xx |||||o 00| ||ger c | ||
| 024 | 7 | |a urn:nbn:de:bsz:31-opus-202302 |2 urn | |
| 024 | 7 | |a 10.57962/regionalia-20230 |2 doi | |
| 035 | |a (DE-627)1822507154 | ||
| 035 | |a (DE-599)KXP1822507154 | ||
| 040 | |a DE-627 |b ger |c DE-627 |e rda | ||
| 041 | |a ger | ||
| 082 | 0 | 4 | |a 750 |
| 084 | |a 1 |2 ssgn | ||
| 084 | |a 851 |2 bwlb | ||
| 100 | 1 | |e VerfasserIn |0 (DE-588)119489899 |0 (DE-627)080305334 |0 (DE-576)160270413 |4 aut |a Berschin, Walter |d 1937- | |
| 109 | |a Berschin, Walter 1937- |a Berschin, Walther 1937- |a B., W. 1937- | ||
| 245 | 1 | 4 | |a Ein Turm als Architekturmotiv der Wandmalerei in Reichenau-Oberzell St. Georg |c Walter Berschin |
| 264 | 1 | |c 2020 | |
| 336 | |a Text |b txt |2 rdacontent | ||
| 337 | |a Computermedien |b c |2 rdamedia | ||
| 338 | |a Online-Ressource |b cr |2 rdacarrier | ||
| 506 | 0 | |a Open Access |e Controlled Vocabulary for Access Rights |q DE-31 |u http://purl.org/coar/access_right/c_abf2 | |
| 540 | |q DE-31 |a Namensnennung - Nicht kommerziell - Keine Bearbeitungen 4.0 International |f CC BY-NC-ND 4.0 |2 cc |u https://creativecommons.org/licenses/by-nc-nd/4.0/ | ||
| 689 | 0 | 0 | |d g |0 (DE-588)4367187-1 |0 (DE-627)181760738 |0 (DE-576)211692433 |2 gnd |a Sankt Georg |g Oberzell, Reichenau |
| 689 | 0 | 1 | |d s |0 (DE-588)4064542-3 |0 (DE-627)106123068 |0 (DE-576)20915411X |2 gnd |a Wandmalerei |
| 689 | 0 | |5 (DE-627) | |
| 773 | 0 | 8 | |i Enthalten in |t Zeitschrift für die Geschichte des Oberrheins |d Stuttgart : Kohlhammer, 1850 |g 168(2020), Seite 1-6 |h Online-Ressource |w (DE-627)775916943 |w (DE-600)2748847-0 |w (DE-576)399462910 |x 3054-1980 |7 nnas |
| 773 | 1 | 8 | |g volume:168 |g year:2020 |g pages:1-6 |
| 856 | 4 | 0 | |u https://nbn-resolving.de/urn:nbn:de:bsz:31-opus-202302 |q application/pdf |x Resolving-System |z kostenfrei |7 0 |
| 856 | 4 | 0 | |u http://dx.doi.org/10.57962/regionalia-20230 |x Resolving-System |z kostenfrei |7 0 |
| 935 | |a BWLB | ||
| 951 | |a AR | ||
| ELC | |a 1 | ||
| OAS | |a 1 | ||
| ORI | |a TA-MARC-ixtheo_oa001.raw | ||
| REL | |a 1 | ||
| STA | 0 | 0 | |a Mural painting,Wall-painting |
| STB | 0 | 0 | |a Peinture murale |
| STC | 0 | 0 | |a Pintura mural |
| STD | 0 | 0 | |a Pittura murale |
| STE | 0 | 0 | |a 壁画 |
| STF | 0 | 0 | |a 壁畫 |
| STG | 0 | 0 | |a Pintura mural |
| STH | 0 | 0 | |a Настенная живопись |
| STI | 0 | 0 | |a Τοιχογραφία |
| SUB | |a REL | ||
| SYG | 0 | 0 | |a Dorfkirche Mellingen,St. Georg,Kath. Pfarrkirche St. Georg,Katholische Pfarrkirche Sankt Georg,Evangelische Kirche St. Georg,Evangelisch-Lutherische Sankt-Georgs-Kirche,Evangelische Sankt-Georgs-Kirche,Evangelische Kirche,St. Georg,Kath. Pfarrkirche St. Georg,Katholische Pfarrkirche Sankt Georg,St. Georg,St.-Georgskirche,Sankt-Georgskirche,Alt-Sankt Georg,Alte Georgskirche,Evangelische Kirche,Dorfkirche Langenweddingen,Evangelische Pfarrkirche Sankt Georg,Georgskirche Dortmund,Sankt Georgskirche,St. Georg,Georgskirche,Sankt Pankraz,Klosterkirche,Abteikirche,Sankt Georgen,Sankt-Georgskirche Schermbeck,St.-Georgskirche Schermbeck,Sankt Georgskirche,Evangelische Kirche Sankt Georg,St. Georgskirche,Sankt Georgskirche,Georgskirche Riedlingen,Kath. Pfarrkirche St. Georg,Katholische Pfarrkirche Sankt Georg,Kath. Stadtpfarrkirche St. Georg,Katholische Stadtpfarrkirche Sankt Georg,Schloss- und Stiftskirche,Stifts- und Schloßkirche St. Georg,Stifts- und Schloßkirche Sankt Georg,Schlosskirche,St. Georg,Franziskanerkirche Esslingen am Neckar,Barfüßerkirche Esslingen am Neckar,Hintere Kirche,Georgskirche Esslingen am Neckar,Sankt Georgen,Evangelische Stadtkirche Sankt Georg,Ev. Stadtkirche St. Georg,Sankt Georg,Klosterkirche Prüfening,Klosterkirche Regensburg-Prüfening,Sankt Georg,St. Georg,Ev. Pfarrkirche Neubronn,Evangelische Pfarrkirche Neubronn,St. Georg , Wandbild |



